Electrodynamics The Field-Free Approach (Record no. 478589)

000 -LEADER
fixed length control field 00518nam a22001697a 4500
003 - CONTROL NUMBER IDENTIFIER
control field NUST
005 - DATE AND TIME OF LATEST TRANSACTION
control field 20180605070747.0
008 - FIXED-LENGTH DATA ELEMENTS--GENERAL INFORMATION
fixed length control field 180605b ||||| |||| 00| 0 eng d
020 ## - INTERNATIONAL STANDARD BOOK NUMBER
International Standard Book Number 9783319131702
038 ## - RECORD CONTENT LICENSOR
Staff Name SNS Library
082 ## - DEWEY DECIMAL CLASSIFICATION NUMBER
Classification number 537.6 PRY 2015
100 ## - MAIN ENTRY--PERSONAL NAME
Personal name Kjell Prytz
9 (RLIN) 10992
245 ## - TITLE STATEMENT
Title Electrodynamics The Field-Free Approach
Remainder of title Electrostatics, Magnetism, Induction, Relativity and field theory
Statement of responsibility, etc. Kjell Prytz
260 ## - PUBLICATION, DISTRIBUTION, ETC.
Place of publication, distribution, etc. New York
Name of publisher, distributor, etc. Springer
Date of publication, distribution, etc. 2015
300 ## - PHYSICAL DESCRIPTION
Extent xxv, 361 P.
Other physical details Hb.
942 ## - ADDED ENTRY ELEMENTS (KOHA)
Source of classification or shelving scheme
Koha item type Book
Holdings
Withdrawn status Lost status Source of classification or shelving scheme Damaged status Not for loan Permanent Location Current Location Date acquired Total Checkouts Full call number Barcode Date last seen Price effective from Koha item type
          School of Natural Sciences (SNS) School of Natural Sciences (SNS) 06/05/2018   537.6 PRY 2015 SNS0002573 10/20/2020 06/05/2018 Book
© 2023 Central Library, National University of Sciences and Technology. All Rights Reserved.